Η εκπαιδευτική και επαγγελματική ταυτότητα των αποφοίτων λυκείου : (Λευκάδα, 1975-85) : ιεραρχήσεις, κριτήρια: τουρισμός, ένας παράγοντας διαφοροποίησης;

Αποθηκεύτηκε σε:
Λεπτομέρειες βιβλιογραφικής εγγραφής
Κύριος συγγραφέας: Κοψιδά-Βλάχου, Άννα
Μορφή: Βιβλίο
Γλώσσα:Greek
Δημοσίευση: Αθήνα : Εκδόσεις Γρηγόρη, 2005
Θέματα:
Ετικέτες: Προσθήκη ετικέτας
Δεν υπάρχουν, Καταχωρήστε ετικέτα πρώτοι!

MARC

LEADER 00000cam a2200000 i 4500
001 1/46043
008 140414s2005 gr | ||| |||| ||gre||
020 |a 9603334367 
035 |l 10117407 
040 |a GR-MY-UA  |b gre  |e aacr 
041 0 |a gre 
082 0 |a 371.425  |2 (23) 
100 1 |a Κοψιδά-Βλάχου, Άννα. 
245 1 2 |a Η εκπαιδευτική και επαγγελματική ταυτότητα των αποφοίτων λυκείου :  |b (Λευκάδα, 1975-85) : ιεραρχήσεις, κριτήρια: τουρισμός, ένας παράγοντας διαφοροποίησης; /  |c Άννα Κοψιδά-Βλάχου 
260 |a Αθήνα :   |b Εκδόσεις Γρηγόρη,   |c 2005 
300 |a 335 σ.;  |c 24 εκ. 
504 |a Βιβλιογραφία: σ. [311]-327. Ευρετήριο: σ.[329]-335 
505 0 |a Το έργο στοχεύει στην κατανόηση της λειτουργίας και τη συστηματική ανάλυση των κοινωνικών και διαρθρωτικών παραγόντων που διαμορφώνουν το πλαίσιο για την εκπαιδευτική και επαγγελματική ταυτότητα των αποφοίτων Λυκείου (Λευκάδα 1975-1985). 
650 0 0 |a High school students  |x Vocational guidance. 
650 0 0 |a Education  |z Greece  |z Lefkas ISland. 
852 |a INST  |b LESVOS  |e 20140414  |h 371.4 ΚΟΨ  |p 005100054009  |q 005100054009  |t BK  |y 0 
852 |a INST  |b LESVOS  |e 20140414  |h 371.4 ΚΟΨ  |p 005100054010  |q 005100054010  |t BK  |y 0 
901 |a BIBL1-2014-1 
909 |a Λ  |b 179534 
909 |a Λ  |b 179535 
922 |a 1ΕΛΗ  |b 201306  |c ΤΜΗΜΑ ΚΟΙΝΩΝΙΚΗΣ ΑΝΘΡΩΠΟΛΟΓΙΑΣ ΚΑΙ ΙΣΤΟΡΙΑΣ  |d ΙΩΑΝΝΙΔΟΥ 
970 |a ΤΖΑΦΕΡΗ  |b ΕΥΑΓΓΕΛΙΑ  |z 2014/04/15